Special functions for scientists and engineers / (Record no. 28967)

000 -LEADER
fixed length control field 00606 a2200181 4500
020 ## - INTERNATIONAL STANDARD BOOK NUMBER
International Standard Book Number 0486435210
020 ## - INTERNATIONAL STANDARD BOOK NUMBER
International Standard Book Number 9780486435213
082 04 - DEWEY DECIMAL CLASSIFICATION NUMBER
Classification number 515.5
090 ## - LOCALLY ASSIGNED LC-TYPE CALL NUMBER (OCLC); LOCAL CALL NUMBER (RLIN)
-- 332
-- 332
100 1# - MAIN ENTRY--PERSONAL NAME
Personal name Bell, W. W.
245 10 - TITLE STATEMENT
Title Special functions for scientists and engineers /
Statement of responsibility, etc. W. W. Bell.
260 ## - PUBLICATION, DISTRIBUTION, ETC.
Place of publication, distribution, etc. [S.l.] :
Name of publisher, distributor, etc. Dover Publications,
Date of publication, distribution, etc. 2007.
300 ## - PHYSICAL DESCRIPTION
Extent 272 p. ;
Dimensions 22 cm.
490 1# - SERIES STATEMENT
Series statement Dover books on mathematics.
830 #0 - SERIES ADDED ENTRY--UNIFORM TITLE
Uniform title Dover books on mathematics.
942 ## - ADDED ENTRY ELEMENTS (KOHA)
Institution code [OBSOLETE] SNS
Koha item type Book
Call number prefix 515.5 BEL
Holdings
Withdrawn status Lost status Damaged status Not for loan Permanent Location Current Location Date acquired Total Checkouts Total Renewals Full call number Barcode Date last seen Date last checked out Price effective from Koha item type
        School of Natural Sciences (SNS) School of Natural Sciences (SNS) 05/26/2016 2 3 515.5 BEL SNS0000410 06/06/2022 02/08/2022 05/26/2016 Book
© 2023 Central Library, National University of Sciences and Technology. All Rights Reserved.